[Event "LUX-chABC"]
[Site "Dudelange"]
[Date "1998.04.18"]
[Round "8.33"]
[White "Steinmetzer, Jacques"]
[Black "Donini, Carlo"]
[Result "0-1"]
[WhiteElo "1570"]
[BlackElo "1570"]
[PlyCount "27"]
[EventDate "1998.04.11"]
[EventType "swiss"]
[EventRounds "9"]
[EventCountry "LUX"]
[SourceTitle "EXT 2013"]
[Source "ChessBase"]
[SourceDate "2012.11.22"]
[SourceVersion "1"]
[SourceVersionDate "2012.11.22"]
[SourceQuality "1"]

1. b3 c5 2. Bb2 Nc6 3. e3 d5 4. f4 Nf6 5. Nf3 Bg4 6. Be2 Qc7 7. 0-0 g6 8. Nc3 Rd8 9. h3 Bxf3 10. Bxf3 e6 11. Nxd5 Nxd5 12. Bxh8 Nxe3 13. Bxc6+ Qxc6 14. Qf3 0-1

[Event "LUX-chABC"]
[Site "Dudelange"]
[Date "1997.04.03"]
[Round "6.36"]
[White "Daubenfeld, Gilles"]
[Black "Donini, Carlo"]
[Result "1-0"]
[WhiteElo "1625"]
[BlackElo "1490"]
[PlyCount "29"]
[EventDate "1997.03.29"]
[EventType "swiss"]
[EventRounds "9"]
[EventCountry "LUX"]
[SourceTitle "EXT 2013"]
[Source "ChessBase"]
[SourceDate "2012.11.22"]
[SourceVersion "1"]
[SourceVersionDate "2012.11.22"]
[SourceQuality "1"]

1. e4 c5 2. Nf3 Nc6 3. Bb5 Qb6 4. Nc3 a6 5. Nd5 Qd8 6. Bxc6 bxc6 7. Nc3 a5 8. d3 g6 9. Be3 d6 10. Qd2 Nf6 11. e5 Ng4 12. exd6 Nxe3 13. Qxe3 Qxd6 14. Ne4 Qd5 15. Nf6+ 1-0

[Event "LUX-chABC"]
[Site "Dudelange"]
[Date "1997.03.30"]
[Round "2.36"]
[White "Lorsche, Jean"]
[Black "Donini, Carlo"]
[Result "1-0"]
[WhiteElo "1680"]
[BlackElo "1490"]
[PlyCount "106"]
[EventDate "1997.03.29"]
[EventType "swiss"]
[EventRounds "9"]
[EventCountry "LUX"]
[SourceTitle "EXT 2013"]
[Source "ChessBase"]
[SourceDate "2012.11.22"]
[SourceVersion "1"]
[SourceVersionDate "2012.11.22"]
[SourceQuality "1"]

1. Nf3 b6 2. g3 Bb7 3. Bg2 Nc6 4. d4 d5 5. 0-0 e6 6. Bf4 Be7 7. Nc3 a6 8. Re1 Nf6 9. Rb1 0-0 10. h3 Nh5 11. Bd2 Bd6 12. e4 dxe4 13. Nxe4 Be7 14. c3 Nf6 15. Nh2 Nxe4 16. Bxe4 Na5 17. Qc2 Bxe4 18. Qxe4 Nc4 19. Bf4 Bd6 20. Bc1 Re8 21. Qd3 b5 22. Be3 Be5 23. Qc2 Nxe3 24. Rxe3 Bf6 25. Rbe1 c6 26. Ng4 h5 27. Ne5 Qc7 28. h4 Bxe5 29. Rxe5 g6 30. Qe4 Qe7 31. Qxc6 Rec8 32. Qe4 Ra7 33. d5 Rc4 34. Qe3 Rc5 35. dxe6 Rxe5 36. exf7+ Kxf7 37. Qxe5 Qxe5 38. Rxe5 Kf6 39. Rd5 Ke6 40. Rc5 Kf6 41. Kf1 Ra8 42. Rd5 Ra7 43. f4 Ra8 44. Kf2 Ra7 45. Kf3 Ra8 46. g4 hxg4+ 47. Kxg4 Ra7 48. Rd6+ Kf7 49. Kg5 a5 50. Rxg6 b4 51. h5 bxc3 52. bxc3 a4 53. f5 Ra8 1-0